<?xml version="1.0" encoding="UTF-8"?>
<collection xmlns="http://www.loc.gov/MARC21/slim">
<record>
  <controlfield tag="001">2507</controlfield>
  <controlfield tag="005">20160701171706.0</controlfield>
  <datafield tag="037" ind1=" " ind2=" ">
    <subfield code="a">ASTROimport-664</subfield>
  </datafield>
  <datafield tag="100" ind1=" " ind2=" ">
    <subfield code="a">Frémat, Y.</subfield>
  </datafield>
  <datafield tag="260" ind1=" " ind2=" ">
    <subfield code="c">2004</subfield>
  </datafield>
  <datafield tag="245" ind1=" " ind2=" ">
    <subfield code="a">Spectroscopic disentangling of the triple system DG Leo</subfield>
  </datafield>
  <datafield tag="520" ind1=" " ind2=" ">
    <subfield code="a">DG Leo is a partly unresolved triple system composed of 3 very similar stars (A8 V), of which one at least is a δ Scuti star. The composite nature of the spectrum inhibits a careful analysis of the pulsation. The spectrum disentangling method as introduced by Hadrava (1995) is therefore applied to derive radial velocities at all orbital phases and to separate the spectrum of each component. Stellar fundamental parameters are then estimated from these individual spectra applying a classical model atmosphere analysis. From this study, it turns out that both components of the close binary are mild-Am stars, while the chemically ``normal" third component is pulsating. </subfield>
  </datafield>
  <datafield tag="700" ind1=" " ind2=" ">
    <subfield code="a"> Lampens, P.</subfield>
  </datafield>
  <datafield tag="700" ind1=" " ind2=" ">
    <subfield code="a"> Hensberge, H.</subfield>
  </datafield>
  <datafield tag="773" ind1=" " ind2=" ">
    <subfield code="p">Spectroscopically and Spatially Resolving the Components of the Close Binary Stars</subfield>
    <subfield code="v">318</subfield>
    <subfield code="y">2004</subfield>
    <subfield code="c">342-345</subfield>
  </datafield>
  <datafield tag="856" ind1="4" ind2="2">
    <subfield code="a">http://esoads.eso.org/abs/2004ASPC..318..342F</subfield>
  </datafield>
  <datafield tag="905" ind1=" " ind2=" ">
    <subfield code="a">published in</subfield>
  </datafield>
  <datafield tag="980" ind1=" " ind2=" ">
    <subfield code="a">NONREF</subfield>
  </datafield>
</record>
</collection>